| 000 -LEADER |
| fixed length control field |
01952cam a22004218i 4500 |
| 001 - CONTROL NUMBER |
| control field |
908993114 |
| 003 - CONTROL NUMBER IDENTIFIER |
| control field |
OCoLC |
| 005 - DATE AND TIME OF LATEST TRANSACTION |
| control field |
20210408061135.0 |
| 008 - FIXED-LENGTH DATA ELEMENTS--GENERAL INFORMATION |
| fixed length control field |
150513s2016 pau b 001 0 eng |
| 010 ## - LIBRARY OF CONGRESS CONTROL NUMBER |
| LC control number |
2015019218 |
| 016 7# - NATIONAL BIBLIOGRAPHIC AGENCY CONTROL NUMBER |
| Record control number |
101658517 |
| Source |
DNLM |
| 020 ## - INTERNATIONAL STANDARD BOOK NUMBER |
| International Standard Book Number |
9780323188357 (pbk. : alk. paper) |
| 020 ## - INTERNATIONAL STANDARD BOOK NUMBER |
| International Standard Book Number |
0323188354 (pbk. : alk. paper) |
| 035 ## - SYSTEM CONTROL NUMBER |
| System control number |
(OCoLC)908993114 |
| Canceled/invalid control number |
(OCoLC)912476766 |
| -- |
(OCoLC)913331020 |
| 040 ## - CATALOGING SOURCE |
| Original cataloging agency |
DNLM/DLC |
| Language of cataloging |
eng |
| Description conventions |
rda |
| Transcribing agency |
DLC |
| Modifying agency |
NLM |
| -- |
OCLCO |
| -- |
YDXCP |
| -- |
BTCTA |
| 042 ## - AUTHENTICATION CODE |
| Authentication code |
pcc |
| 049 ## - LOCAL HOLDINGS (OCLC) |
| Holding library |
YYEA |
| 080 ## - UNIVERSAL DECIMAL CLASSIFICATION NUMBER |
| Universal Decimal Classification number |
575 |
| Item number |
J-77 |
| 096 ## - LOCALLY ASSIGNED NLM-TYPE CALL NUMBER (OCLC) |
| Classification number |
QZ 50 J82m 2016 |
| 100 1# - MAIN ENTRY--PERSONAL NAME |
| Personal name |
Jorde, Lynn B. |
| 245 10 - TITLE STATEMENT |
| Title |
Medical genetics / |
| Statement of responsibility, etc. |
Lynn B. Jorde, John C. Carey, Michael J. Bamshad. |
| 250 ## - EDITION STATEMENT |
| Edition statement |
5th ed. |
| 260 ## - PUBLICATION, DISTRIBUTION, ETC. |
| Place of publication, distribution, etc. |
Philadelphia, PA : |
| Name of publisher, distributor, etc. |
Elsevier, |
| Date of publication, distribution, etc. |
[2016] |
| 300 ## - PHYSICAL DESCRIPTION |
| Extent |
x, 356 p. : |
| Other physical details |
col. ill. ; |
| Dimensions |
28 cm. |
| 365 ## - TRADE PRICE |
| Price amount |
32.86 usd |
| 504 ## - BIBLIOGRAPHY, ETC. NOTE |
| Bibliography, etc. note |
Includes bibliographical references and index. |
| 505 0# - FORMATTED CONTENTS NOTE |
| Formatted contents note |
Background and history -- Basic cell biology : structure and function of genes and chromosomes -- Genetic variation : its origin and detection -- Autosomal dominant and recessive inheritance -- Sex-linked and nontraditional modes of inheritance -- Clinical cytogenetics : the chromosomal basis of human disease -- Biochemical genetics : disorders of metabolism -- Disease-gene identification -- Immunogenetics -- Genetic basis of development -- Cancer genetics -- Multifactorial inheritance and common diseases -- Genetic testing and gene therapy -- Genetics and precision medicine -- Clinical genetics and genetic counseling. |
| 590 ## - LOCAL NOTE (RLIN) |
| Local note |
c.1 10069604 Ritt 9/22/15 $70.99. |
| 650 #2 - SUBJECT ADDED ENTRY--TOPICAL TERM |
| Topical term or geographic name entry element |
Genetic Diseases, Inborn |
| General subdivision |
genetics. |
| 650 #2 - SUBJECT ADDED ENTRY--TOPICAL TERM |
| Topical term or geographic name entry element |
Genetics, Medical |
| General subdivision |
methods. |
| 650 #2 - SUBJECT ADDED ENTRY--TOPICAL TERM |
| Topical term or geographic name entry element |
Genetic Counseling. |
| 650 #2 - SUBJECT ADDED ENTRY--TOPICAL TERM |
| Topical term or geographic name entry element |
Genetic Predisposition to Disease. |
| 650 #2 - SUBJECT ADDED ENTRY--TOPICAL TERM |
| Topical term or geographic name entry element |
Genetic Techniques. |
| 653 ## - INDEX TERM--UNCONTROLLED |
| Uncontrolled term |
გენეტიკა |
| 700 1# - ADDED ENTRY--PERSONAL NAME |
| Personal name |
Carey, John C., |
| Dates associated with a name |
1946. |
| 700 1# - ADDED ENTRY--PERSONAL NAME |
| Personal name |
Bamshad, Michael J. |
| 942 ## - ADDED ENTRY ELEMENTS (KOHA) |
| Source of classification or shelving scheme |
|
| Koha item type |
Books |